| 000 | 00859nam a22002537a 4500 | ||
|---|---|---|---|
| 001 | 000537 | ||
| 003 | DO-SdBNP | ||
| 005 | 20170915104718.0 | ||
| 007 | 000537 | ||
| 008 | 161010b 2010 ck ||||| |||| 00| 0 spa d | ||
| 020 | _a9789974680593 | ||
| 040 |
_aBPMSU _bspa _cBPMSU |
||
| 082 |
_aR 423.61 _bM961i |
||
| 245 | 0 | 0 |
_aMultidiccionario : _binglés - español, español - inglés. _credacción Alejandro Marcelo Itzik ... [et al.]. |
| 246 | 3 | 4 | _aMultidiccionario total idioma inglés |
| 260 |
_aBuenos Aires : _bCultural Librera Americana, _c2010. |
||
| 300 |
_a896 p. ; _c21 cm. |
||
| 650 | 4 |
_aLENGUA INGLESA _xDICCIONARIOS _xESPAÑOL |
|
| 650 | 4 |
_aLENGUA ESPAÑOLA _xDICCIONARIOS _xINGLÉS |
|
| 700 | 1 | _aItzik, Alejandro Marcelo | |
| 910 | _aValidado. Control de calidad MFF | ||
| 942 |
_2ddc _cBK |
||
| 956 |
_2LOPEREZ _310 _620161010 _8BPMSU _a00041 |
||
| 999 |
_c11505 _d11505 |
||